| 000 | 01273cam a2200325 a 4500 | ||
|---|---|---|---|
| 999 |
_c3666 _d3666 |
||
| 001 | 4362924 | ||
| 003 | GBCCL | ||
| 005 | 20241126110500.0 | ||
| 008 | 900724s1990 cau 000 0 eng | ||
| 010 | _a 90044573 | ||
| 020 | _a0830714324 | ||
| 020 | _a0830714596 (pbk.) | ||
| 040 |
_aDLC _cDLC _dDLC |
||
| 050 | 0 | 0 |
_aBV4907 _b.H38 1990 |
| 082 | 0 | 0 |
_a248.86 _220 _bHAY |
| 100 | 1 |
_aHayford, Jack W. _94419 |
|
| 245 | 1 | 0 |
_aI'll hold you in heaven : _bhealing and hope for the parent who has lost a child through miscarriage, stillbirth, abortion, or early infant death / _cJack Hayford. |
| 260 |
_aVentura, Calif., U.S.A. : _bRegal Books, _cc1990. |
||
| 300 |
_a124 p. ; _c18 cm. |
||
| 500 | _aRev. ed. of: Early flight. 1986. | ||
| 650 | 0 |
_aConsolation. _9348 |
|
| 650 | 0 |
_aChildren _xDeath _xReligious aspects _xChristianity. _97272 |
|
| 650 | 0 |
_aMiscarriage _xReligious aspects _xChristianity. _97273 |
|
| 650 | 0 |
_aStillbirth _xReligious aspects _xChristianity. _97274 |
|
| 650 | 0 |
_aAbortion _xReligious aspects _xChristianity. _93902 |
|
| 700 | 1 |
_aHayford, Jack W. _tEarly flight. _97275 |
|
| 906 |
_a7 _bcbc _corignew _d1 _eocip _f19 _gy-gencatlg |
||
| 942 |
_2ddc _cBK _02 |
||